02427nkc a2200337za 450000100060000000300040000600500170001000700070002700800410003404000240007510000330009924500590013226000240019130001000021550003090031550001930062450000650081750001340088250001700101650400520118650500580123851001510129651002100144756101300165761000360178765100190182365500320184270000530187485200120192785601500193984631OSt20260323121609.0kh boc250410s19101911sp ||||| ||||||0| i|spa d aM-RABAbspacM-RABA1 aElorza, Lorenzod(1861-1931)10aMaestub: Puerta de la Ermita de San Martínc/ L. E. c[ca. 1910 – 1911] a1 fotografía b: gelatina de plata c; imagen 12 x 17 cmc; soporte secundario 21,5 x 26,5 cm aVista de la portada de la ermita de San Martín en Maestu que se mantiene en pie sin cubierta, en estado de ruina. Presenta una decoración en ajedrezado en arquivoltas y trasdoses, no así la línea de imposta, decorada con motivos vegetales. Federico Baraibar conversa con un paisano en la puerta.  aFotografía montada sobre soporte secundario de cartulina azul enmarcada con orla en relieve. Título y numeración manuscrita que hace referencia a la posición en la serie “115”. aSello con monograma del fotógrafo en tinta roja “L.E.” aFechas tomadas de la ejecución del positivo de las fotografías, incluido el soporte secundario. (Soto Madrazo, Javier. 2008). aForma parte de un conjunto de 167 fotografías empleadas por Federico Baráibar Zumárraga para la elaboración del Inventario del Románico en Álava (1911).  aBaraibar, F.: "Rincones artísticos", M. 1914. aMaestu.- Puerta de la Ermita de Sn. Martín. / L. E. aDescripción tomada de: Soto Madrazo, Javier (2008). Federico Baraibar y el Inventario del Románico en Álava: una caja con 167 fotografías. aEsta colección fue utilizada posteriormente por Cristóbal de Castro para la elaboración y publicación del "Catálogo Monumental de España: provincia de Álava", Madrid, S. de Rivadeneira, 1915. aDonadas junto con la memoria manuscrita a la Academia por el mismo Baraibar (Sesión 12 de febrero de 1912, Archivo: 4-32-1)27aErmita de San Martín (Maestu) 7aÁlava2embne 0aFotografías de monumentos1 aBaráibar y Zumárraga, Federico d(1851-1918) jFot-224 3Fot-224uhttps://archivoybiblioteca.realacademiabellasartessanfernando.com/cgi-bin/koha/opac-retrieve-file.pl?id=bdcb5df72274e86de524658bacad6ca2